El testamento / (Record no. 44113)

MARC details
000 -LEADER
campo de control de longitud fija 00553nam a2200169 i 4500
001 - NÚMERO DE CONTROL
campo de control 44113
003 - IDENTIFICADOR DE NÚMERO DE CONTROL
campo de control ES-MaACL
005 - FECHA Y HORA DE LA ÚLTIMA TRANSACCIÓN
campo de control 20230906160946.0
007 - CAMPO FIJO DE DESCRIPCIÓN FÍSICA--INFORMACIÓN GENERAL
campo de control de longitud fija t|
008 - DATOS DE LONGITUD FIJA--INFORMACIÓN GENERAL
campo de control de longitud fija 030320s1959 sp ||||1| spa d
100 1# - ENTRADA PRINCIPAL--NOMBRE DE PERSONA
Nombre de persona Cicu, Antonio.
9 (RLIN) 38755
245 13 - MENCIÓN DEL TÍTULO
Título El testamento /
Mención de responsabilidad, etc. Antonio Cicu ; traducción y notas al derecho español por Manuel Fairén Martínez.
260 ## - PUBLICACIÓN, DISTRIBUCIÓN, ETC.
Lugar de publicación, distribución, etc. Madrid :
Nombre del editor, distribuidor, etc. Revista de Derecho Privado,
Fecha de publicación, distribución, etc. [1959] (
Fabricante González)
300 ## - DESCRIPCIÓN FÍSICA
Extensión 367 p. ;
Dimensiones 23 cm.
700 1# - ENTRADA AGREGADA--NOMBRE PERSONAL
Nombre de persona Fairén Martínez, Manuel.
9 (RLIN) 48658
852 ## - LOCALIZACIÓN
Ubicación ES-MaACL
Número de control de estantería C-3911
Sublocalización o colección R.44271
Holdings
Estatus retirado Estado de pérdida Estado de daño No para préstamo Biblioteca de origen Biblioteca actual Ubicación en estantería Fecha de adquisición Fuente de adquisición Total de préstamos Signatura topográfica completa Código de barras Visto por última vez Precio de reemplazo Tipo de ítem Koha
        Biblioteca del Ateneo de Madrid Biblioteca del Ateneo de Madrid Sala Palomar 17/01/2008     C-3911 1046430 23/02/2023 23/02/2023 Libro impreso